Szczegóły MARC21

Produktywność czynników wytwórczych w procesie rozwoju gospodarczego : studia i rozprawy : księga pamiątkowa z okazji 70 rocznicy urodzin Profesora Józefa Jagasa /

003 -Nazwa inst., której nr kontr. jest w polu 001 [,]
    • @
    • Nazwa instytucji, której n kontrolny jest w polu 001
    • NUKAT
005 -DATA I CZAS OSTATNIEJ MODYFIKACJI [,]
    • @
    • pole kontrolne
    • 20241231102251.0
020 -Międzynarod. znormalizowany nr książki - ISBN [ , ]
    • a
    • Numer ISBN
    • 8391279804 Find
040 -Instytucja sporządzająca opis [ , ]
    • a
    • Instytucja, która sporządziła opis (NP)
    • Ł U/db
    • c
    • Instytucja, która sporządziła rekord (NP)
    • Ł U/db
    • d
    • Instytucja, która zmodyfikowała rekord (P)
    • Ł U/AG
    • d
    • Instytucja, która zmodyfikowała rekord (P)
    • Ł U/TKs
041 -Język dokumentu [0, ]
    • a
    • Język tekstu (P)
    • polski
    • a
    • Język tekstu (P)
    • rosyjski
    • a
    • Język tekstu (P)
    • angielski
942 -Rodzaj dokumentu [ , ]
    • c
    • Rodzaj dokumentu
    • Książka
245 -Strefa tytułu i oznaczenia odpowiedzialności [0,0]
    • a
    • Tytuł
    • Produktywność czynników wytwórczych w procesie rozwoju gospodarczego : Find
    • b
    • Ciąg dalszy tytułu (NP)
    • studia i rozprawy : księga pamiątkowa z okazji 70 rocznicy urodzin Profesora Józefa Jagasa / Find
    • c
    • Pozostałe elementy strefy tytułu i oznaczenia odpowiedzialności (NP)
    • red. nauk. Romuald Jończy ; [aut. opracowań Stanisław Czaja et al.] ; Uniwersytet Opolski. Wydział Ekonomiczny.
260 -Strefa adresu wydawniczego [ , ]
    • a
    • Miejsce wydania (P)
    • Opole :
    • b
    • Nazwa wydawcy (P)
    • Uniwersytet Opolski. Wydział Ekonomiczny,
    • c
    • Data wydania (P)
    • 2000.
300 -Strefa opisu fizycznego [ , ]
    • a
    • Określenie formy książki i/lub objętość (NP)
    • 254 s. :
    • b
    • Oznaczenie ilustracji (NP)
    • il., err. ;
    • c
    • Format (NP)
    • 24 cm.
336 -Typ zawartości [ , ]
    • a
    • Termin opisujący typ zawartości
    • Tekst
    • b
    • Kod określający zawartość
    • txt
    • 2
    • Źródło (terminu i kodu)
    • rdacontent
337 -Typ mediów [ , ]
    • a
    • Tryb odtwarzania
    • Bez urządzenia pośredniczącego
    • b
    • Kod typu mediów
    • n
    • 2
    • Źródło (terminu i kodu)
    • rdamedia
338 -Typ/rodzaj nośnika [ , ]
    • a
    • Hasło opisujące typ nośnika
    • Wolumin
    • b
    • Kod typu nośnika
    • nc
    • 2
    • Źródło (terminu i kodu)
    • rdacarrier
504 -Uwaga dot. bibliogr. załącznikowej [ , ]
    • a
    • Uwaga dot. bibliografii załącznikowej
    • Dorobek naukowy Józefa Jagasa s.15-42.
504 -Uwaga dot. bibliogr. załącznikowej [ , ]
    • a
    • Uwaga dot. bibliografii załącznikowej
    • Bibliogr. częśc. przy rozdz.
546 -Uwaga dot. języka [ , ]
    • a
    • Uwaga dot. języka
    • Tekst częśc. ros. i ang.
080 -Uniwersalna Klasyfikacja Dziesiętna [ , ]
    • a
    • Symbol klasyfikacji
    • 658.1/.5.012(438)"1989/..."(082.1)
080 -Uniwersalna Klasyfikacja Dziesiętna [ , ]
    • a
    • Symbol klasyfikacji
    • :65.011(438)"1989/..."(082.1)
080 -Uniwersalna Klasyfikacja Dziesiętna [ , ]
    • a
    • Symbol klasyfikacji
    • :330.35(438)"1989/..."(082.1)
080 -Uniwersalna Klasyfikacja Dziesiętna [ , ]
    • a
    • Symbol klasyfikacji
    • :504(438)"1989/..."(082.1)
080 -Uniwersalna Klasyfikacja Dziesiętna [ , ]
    • a
    • Symbol klasyfikacji
    • :338.1(438)"1989/..."(082.1)
600 -Hasło przedmiotowe w formie nazwy osobowej [1,7]
    • a
    • Nazwa osobowa
    • Jagas, Józef
    • d
    • Daty związane z nazwą
    • (1930- ).
    • 2
    • Źródło terminu
    • kaba
    • 9
    • KHW
    • 64350
650 -Hasło przedmiotowe [ ,7]
    • a
    • Hasło przedmiotowe
    • Ekonomika pracy.
    • 2
    • Źródło terminu
    • kaba
    • 9
    • KHW
    • 107463
650 -Hasło przedmiotowe [ ,7]
    • a
    • Hasło przedmiotowe
    • Księgi pamiątkowe
    • z
    • Określnik geograficzny
    • Polska.
    • 2
    • Źródło terminu
    • kaba
    • 9
    • KHW
    • 353037
650 -Hasło przedmiotowe [ ,7]
    • a
    • Hasło przedmiotowe
    • Przedsiębiorstwa
    • x
    • Określnik rzeczowy
    • produktywność.
    • 2
    • Źródło terminu
    • kaba
    • 9
    • KHW
    • 126407
650 -Hasło przedmiotowe [ ,7]
    • a
    • Hasło przedmiotowe
    • Rozwój gospodarczy.
    • 2
    • Źródło terminu
    • kaba
    • 9
    • KHW
    • 128387
650 -Hasło przedmiotowe [ ,7]
    • a
    • Hasło przedmiotowe
    • Środowisko przyrodnicze
    • x
    • Określnik rzeczowy
    • aspekt ekonomiczny.
    • 2
    • Źródło terminu
    • kaba
    • 9
    • KHW
    • 368771
980 -Symbol UKD [ , ]
    • a
    • UKD
    • 658.1/.5.012:65.011:330.35:504:338.1](438)"1989/..."(082.1)
700 -Hasło dodatkowe - nazwa osobowa [1, ]
    • a
    • Nazwa osobowa (NP)
    • Jończy, Romuald Find
    • d
    • Daty biograficzne (NP)
    • (1973- ).
    • e
    • Określenie rodzaju współpracy
    • Red.
    • 9
    • KHW
    • 25665
700 -Hasło dodatkowe - nazwa osobowa [1, ]
    • a
    • Nazwa osobowa (NP)
    • Czaja, Stanisław Find
    • d
    • Daty biograficzne (NP)
    • (1957- ).
    • e
    • Określenie rodzaju współpracy
    • Oprac.
    • 9
    • KHW
    • 20249
920 -ISBN [ , ]
    • a
    • ISBN
    • 83-912798-0-4 Find
Lokalizacja Data inwentaryzacji Numer inwentarzowy Status udost.
BE2001-06-20E.67777-2
BE2001-06-20S.88036-3